000 00374 a2200157 4500
001 176252
020 _a
040 _cMagnum
100 _aSantos, Maria das Gracas Viera Proenca Dos
240 1 0 _aA palavra e portugues/6 serie
_lpor
245 1 0 _aA palavra e portugues/6 serie
362 0 _a1899
440 1 _aÁtica
697 _aMAGNITO: PARADIDATICO
942 _cBK
999 _c176252
_d176252